000 00682nam a2200265Ia 4500
003 OSt
005 20221007094802.0
006 a|||||r|||| 00| 0
007 ta
008 221006b |||||||| |||| 00| 0 eng d
024 _a44
037 _cTextual
040 _aLCO
_cLCO
_beng
041 _2eng
_aeng
082 _aV2:2:(Z), N7
100 _aSeervai H.M.
245 0 _aConstitutional Law of India.3V
250 _a4th
260 _aDelhi
_bUniversal Book Tradors India
_c1997
300 _a3251
490 _vVol.- 12
650 _aCONSTITUTIONAL LAW
_9681314
942 _hV2:2:(Z), N7
_cTEXL
999 _c1169607
_d1169607